| 000 | 00671nam a2200229 i 4500 | ||
|---|---|---|---|
| 001 | bgj | ||
| 245 | 0 | 0 |
_aThe American Reader : _bwords that moved a nation / _cedited by Diane Ravitch. |
| 250 | _a1st HarperPerennial ed. | ||
| 260 |
_aNew York : _bHarperCollins Publishers, _c1991. |
||
| 300 |
_aXV, 383 pp : _bill. ; _c24 cm. |
||
| 504 | _aBibliography p. 375-377. | ||
| 505 | _aIncludes author index. | ||
| 651 | 9 |
_aUnited States _xHistory |
|
| 655 | _aSources | ||
| 700 | 1 |
_aRAVITCH, Diane. _eed. |
|
| 020 | _a0062720163 (pbk) | ||
| 040 | _cBPK | ||
| 041 | 0 | _aeng | |
| 920 | _a0-06-272016-3 (pbk) | ||
| 942 | _cKS | ||
| 008 | s uk f |000 0 eng | ||
| 999 |
_c48133 _d48133 |
||
| 856 |
_uhttp://koha.tu.koszalin.pl/cgi-bin/koha/opac-detail.pl?biblionumber=48133 _yKatalog online BPK |
||